9PGC Members Quiz Stats

Quiz not verified by Sporcle

Challenge
Share
Tweet
Embed
Score 0/29 Timer 10:00
0 Plays Today
Person % Correct
Billy Cooke
100%
Junaid Ansar
100%
Joe Goff
100%
Mr Cook
100%
Shannon Barnett
92.3%
Max Milburn
92.3%
Shannon O'Neill
92.3%
Sohail Ahmed
84.6%
Aliesha Alderson
84.6%
Jevinson ****
84.6%
Joseph 'Joey' McGill
84.6%
Finley Bainbridge
84.6%
Mary Chen
76.9%
Finn Houghton
76.9%
Farhang Arif
69.2%
Person % Correct
Nathan Ashby
61.5%
Iram Yousaf
61.5%
Jennifer Carroll
53.8%
Alex Childs
53.8%
Shenell Mason
53.8%
Hussain Abdul Hussain
53.8%
Ethan Hemmingway
46.2%
Leah Pickersgill
46.2%
Nicholas Shaler
46.2%
Tsion Terefe
46.2%
Chloe Connor
46.2%
Mohammed El-Fati
38.5%
Jessica Richards
38.5%
Abigail Ryder
38.5%

You're not logged in!

Compare scores with friends on all Sporcle quizzes.
Join for Free
OR
Log In

You Might Also Like...

Show Comments

Extras

Top Quizzes Today


Score Distribution

Your Account Isn't Verified!

In order to create a playlist on Sporcle, you need to verify the email address you used during registration. Go to your Sporcle Settings to finish the process.

Report this User

Report this user for behavior that violates our Community Guidelines.

Details: